| 000 | 01072cam a2200277 a 4500 | ||
|---|---|---|---|
| 001 | 0000005840 | ||
| 005 | 20170406121030.0 | ||
| 008 | 091020s2010 ctu b 000 0 eng | ||
| 010 | _a 2009044020 | ||
| 020 | _a9780300145182 (cloth : alk. paper) | ||
| 040 |
_aDLC _cDLC _dDLC |
||
| 050 | 0 | 0 |
_aBL241 _b.R58 2010 |
| 082 | 0 | 0 |
_a201/.65 _222 |
| 100 | 1 | _aRobinson, Marilynne. | |
| 245 | 1 | 0 |
_aAbsence of mind : _bthe dispelling of inwardness from the modern myth of the self / _cMarilynne Robinson. |
| 260 |
_aNew Haven : _bYale University Press, _c2010. |
||
| 300 |
_axviii, 158 p. ; _c21 cm. |
||
| 500 | _aEssays from the lectures delivered at Yale University, the Dwight Harrington Terry Foundation. | ||
| 504 | _aIncludes bibliographical references. | ||
| 505 | 0 | _aIntroduction -- On human nature -- The strange history of altruism -- The Freudian self -- Thinking again. | |
| 650 | 0 | _aReligion and science. | |
| 650 | 0 | _aPhilosophy, Modern. | |
| 650 | 0 | _aThought and thinking. | |
| 710 | 2 | _aDwight Harrington Terry Foundation. | |
| 908 | _a150520 | ||
| 999 |
_c5609 _d5609 |
||